01087nam a22002657a 45000010005000000030006000050050017000110080041000280200018000690400029000870500013001160820008001291000019001372450120001562600042002763000049003184900020003675050008003875200289003955210021006845210020007056500028007257000031007537000037007845852FISKH20250124151008.0250124b cb ||||| |||| 00| 0 eng d a9780789429667 aFISKHbengcFISKHdFISKH aQB46.B39 a523 aBecklake, Sue  aSpace, stars, planets and spacecraft /cWritten by Sue Becklake : Illustrated by Brian Delf and Luciano Corbella  aNew York : bDK Publishing , c1988.  a64 pages : bcolor illustrations ;c28 cm .  aSee and Explore aZ  aDiscover everything you need to know about space with this brilliant book! One hundred facts, fantastic illustrations and hilarious cartoons give you the inside story on the many wonders of the world, while fun quizzes test your knowledge. So what are you waiting for? Get reading! .8 a1030 bLexile 8 aZ bRaz-Plus  aastronomyvnon-fiction  aDelf, Brian eillustrator  dCorbella, Luciano eillustrator